| 000 | 00513nam a2200145 a 4500 | ||
|---|---|---|---|
| 008 | 120416s1958 ||||||||||||||||| || u | ||
| 050 | _aBF 131 Pri | ||
| 100 | _aPrice-William, D. R | ||
| 245 | 1 | 0 | _aIntroductory psychology |
| 246 | _aan approach for social workers | ||
| 260 |
_aLondon _bRoutledge and Kegan Paul _c[1958] |
||
| 300 | _aviii, 203p. | ||
| 350 | _a0.00 | ||
| 995 |
_D0.00 _FCBU-MAIN LIBRARY (Kitwe) _H1 _I0.00 _UDAMAGED _ZMain Library Open Access Collection |
||
| 999 |
_c48119 _d48119 |
||